00310nam a22001097a 4500020001800000082001700018100002000035245004900055260003100104300002500135650004000160 a9780470407752 a621.3824 HAU aHaupt, Randy L. a Antenna arrays a computational approach aNew YorkbJohn Wileyc2010 axiii, 534p. :e24 cm aAntenna arrays--Mathematical models